Most Populous Countries Of Europe - Statistiques

Statistiques générales
  • Ce quiz a été pris 42 fois
  • Le résultat moyen est 12 sur 15
Statistiques - réponses
Hint Réponse % Correct
66 650 804 France
100%
47 889 958 Spain
100%
59 146 260 Italy
97%
84 075 074 Germany
94%
38 140 910 Poland
89%
143 997 393 Russia
89%
10 411 834 Portugal
81%
69 551 332 United-Kingdom
81%
10 656 633 Sweden
78%
38 980 376 Ukraine
78%
11 758 603 Belgium
72%
9 938 844 Greece
69%
18 908 650 Romania
69%
18 346 819 Netherlands
61%
10 609 240 Czech Republic
25%
Aucun quiz correspondant
Distribution des résultats
% des personnes avec chaque résultat
Percentile par nombre de réponses
Votre historique - résultats
Vous n’avez pas pris ce quiz